| 000 | 00596nam a22002177a 4500 | ||
|---|---|---|---|
| 003 | BUBTL | ||
| 008 | 191112b xxu||||| |||| 00| 0 eng d | ||
| 020 | _a052078520 | ||
| 041 | _aEnglish | ||
| 082 | _a346.052 / C83211s/ 1971 | ||
| 100 |
_92450 _a Coulson, N. J. |
||
| 245 |
_aSuccession in the Muslim family / _cN. J. Coulson |
||
| 250 | _a1st ed. | ||
| 260 |
_aLondon : _bCambridge University Press, _cc1971 |
||
| 300 |
_av, 287 p. : _c21 cm. |
||
| 526 | _aLaw | ||
| 650 | 0 |
_926 _aLaw |
|
| 856 |
_k0 _l0 _yDownload |
||
| 942 |
_2ddc _cBK |
||
| 999 |
_c6147 _d6147 |
||